Slepá je noc

Bibliographic Details
Main Author: -ah- (Author)
Other Authors: Hůrka, Otakar (gup)
Format: Article
Language:Slovak
PhysicalDescription:Fot. 1.
Subjects:

MARC

LEADER 00000nab a2200000 a 4500
001 vtls000322264
003 SK-MaSNL
005 20260303210519.0
008 230814c1988 xo 0 slo
015 |a SNBRB19rr/mm-uuuuu 
035 |a CL0322386 
040 |a SNKBUCL  |b slo  |c SNKBUCL  |e AACR2 
041 0 |a slo 
044 |a xo  |c SK 
080 |a 82:7.097  |2 1981 
080 |a 7.097  |2 1981 
080 |a 885.0  |2 1981 
100 1 |a -ah-  |4 aut  |9 922248 
245 1 0 |a Slepá je noc  |c -ah- ; Otakar Hůrka, Milena Mathausová 
300 |b Fot. 1. 
610 2 7 |a Československá televize  |2 SNKKA  |9 227058 
650 0 7 |a Mathausová, Milena  |2 snkbucl  |9 1242288 
650 0 7 |a Malovický, V.  |2 snkbucl  |9 1242351 
650 0 7 |a hry televízne  |2 snkbucl  |9 921812 
655 7 |a články z novín a časopisov  |2 snkbucl  |9 267496 
655 7 |a články z odboru literárna veda a krásna literatúra  |2 snkbucl  |9 770045 
700 1 |a Hůrka, Otakar  |4 gup  |9 522310 
773 0 |t Televízia  |g Roč. 23, č. 24 (1988), s. 22 
850 |a Slovenská národná knižnica v Martine  |a MTA001 
852 |a SNK  |b KIS3GCP 
958 |a RK 
958 |a CZ 
958 |a LX 
992 |a RBX 
999 |c 2200545  |d 2202475